English sample tests for non language students Dành cho nghiên cứu sinh và hệ cao học không chuyên ngữ

में बचाया:
ग्रंथसूची विवरण
स्वरूप: पुस्तक
टैग : टैग जोड़ें
कोई टैग नहीं, इस रिकॉर्ड को टैग करने वाले पहले व्यक्ति बनें!
Thư viện lưu trữ: Mạng thư viện Đại học Đà Nẵng
LEADER 00717nam a2200205 4500
001 000009636
003 5833
005 20150812140848.0
008 111031s sd
245 0 0 |a English sample tests for non language students  |b Dành cho nghiên cứu sinh và hệ cao học không chuyên ngữ  |c Nguyễn Quang, Lương Công Tiến 
774 |a Nguyễn Quang  |d Thế giới  |d H.  |d 1999  |g Tập 2  |h 207tr  |w 5835 
774 |a Nguyễn Quang  |d Thế giới  |d H.  |d 1999  |g Tập 2  |h 207tr  |w 5836 
OWN |a LSP 
999 |a From the UDN01 
TYP |a Monograph 
TYP |a Printed language 
980 |a Mạng thư viện Đại học Đà Nẵng